Managing mavericks : (Record no. 9746)

000 -LEADER
fixed length control field 00476nam a22001697a 4500
008 - FIXED-LENGTH DATA ELEMENTS--GENERAL INFORMATION
fixed length control field 170715b xxu||||| |||| 00| 0 eng d
020 ## - INTERNATIONAL STANDARD BOOK NUMBER
International Standard Book Number 9780070003606 (hbk.)
082 ## - DEWEY DECIMAL CLASSIFICATION NUMBER
Edition number 23
Classification number 658.81
Item number ADE
100 ## - MAIN ENTRY--PERSONAL NAME
Personal name Ades, Leslie J.
245 ## - TITLE STATEMENT
Title Managing mavericks :
Remainder of title the art of sales management
250 ## - EDITION STATEMENT
Edition statement 1st ed.
260 ## - PUBLICATION, DISTRIBUTION, ETC. (IMPRINT)
Place of publication, distribution, etc. New York
Name of publisher, distributor, etc. McGraw Hill
Date of publication, distribution, etc. 1992
300 ## - PHYSICAL DESCRIPTION
Extent xvii,222p.;
Dimensions 20 cm.
500 ## - GENERAL NOTE
General note It includes Index.
650 ## - SUBJECT ADDED ENTRY--TOPICAL TERM
Source of heading or term Management
Topical term or geographic name as entry element Management
942 ## - ADDED ENTRY ELEMENTS (KOHA)
Source of classification or shelving scheme
Koha item type Books
Holdings
Withdrawn status Lost status Source of classification or shelving scheme Materials specified (bound volume or other part) Damaged status Not for loan Collection code Permanent location Current location Shelving location Date acquired Coded location qualifier Cost, normal purchase price Full call number Barcode Date last seen Price effective from Koha item type
      HB     Management section Maulana Azad Central Library Maulana Azad Central Library General Stacks 2017-07-15 MGT 128.00 658.81 ADE 15745 2017-07-15 2017-07-15 Books

Copyright @ USTM
Techno City, Kiling Road, Baridua, 9th Mile,
Ri-Bhoi, Meghalaya-793101

Powered by Koha